000 00674nam a2200205Ii 4500
003 JO-AjNU
008 230605s9999||||xx |||||||||||||| ||und||
017 _a2006/12/3394
040 _aJO-AjNU
_bara
_erda
_cJO-AjNU
041 _aara
050 1 4 _aR143.S2222 2006
100 3 _aالسعيد ، عبدالله عبد الرزاق,
_eauthor
_919349
245 0 0 _aمن روائع الطب الاسلامي
264 3 1 _aعمان,دار يافا ، 2006
300 _a136ص
336 _atext
_btxt
_2rdacontent
337 _aunmediated
_bn
_2rdamedia
338 _avolume
_bnc
_2rdacarrier
650 4 _aالطب الاسلامي-تاريخ- الطب عند العرب
_919350
999 _aA6366
_c9934
_d9934